Online
Catalog

Obras completas / (Record no. 10399)

MARC details
000 -CABECERA
campo de control de longitud fija 01892cam a2200433 a 4500
001 - NÚMERO DE CONTROL
campo de control 000010641
003 - IDENTIFICADOR DEL NÚMERO DE CONTROL
campo de control DO-SdBNP
005 - FECHA Y HORA DE LA ÚLTIMA TRANSACCIÓN
campo de control 20250409133051.0
008 - DATOS DE LONGITUD FIJA--INFORMACIÓN GENERAL
campo de control de longitud fija 880603s1986 ve a b 000 0 spa d
020 ## - NÚMERO INTERNACIONAL ESTÁNDAR DEL LIBRO
Número Internacional Estándar del Libro 980030018X
040 ## - FUENTE DE LA CATALOGACIÓN
Centro catalogador/agencia de origen DO-SdBNP
Lengua de catalogación spa
Centro/agencia transcriptor LC
Centro/agencia modificador BNPHU
041 17 - CÓDIGO DE LENGUA
Código de lengua del texto/banda sonora o título independiente spa
Código de lengua original eng
-- ger
Fuente del código Código de idioma MARC
049 ## - FONDOS LOCALES (OCLC)
Fondos de biblioteca BNGR
082 ## - NÚMERO DE LA CLASIFICACIÓN DECIMAL DEWEY
Número de clasificación 508.987
Número de documento/Ítem E71ó
100 1# - ENTRADA PRINCIPAL--NOMBRE DE PERSONA
Nombre de persona Ernst, Adolfo,
Fechas asociadas al nombre 1832-1899
9 (RLIN) 25751
245 10 - MENCIÓN DE TÍTULO
Título Obras completas /
Mención de responsabilidad, etc. Adolfo Ernst ; compilación por Blas Bruni Celli ; traducción del alemán de Lottie de Vareschi y Yolanda Steffens ; traducción del inglés de Elsie Marín de Carrillo y Martha Rodríguez de García ; coordinador de la edición, Miguel A. Suárez.
260 ## - PUBLICACIÓN, DISTRIBUCIÓN, ETC.
Lugar de publicación, distribución, etc. Caracas :
Nombre del editor, distribuidor, etc. Presidencia de la República,
Fecha de publicación, distribución, etc. 1986.
300 ## - DESCRIPCIÓN FÍSICA
Extensión v. :
Otras características físicas il. ;
Dimensiones 24 cm.
490 1# - MENCIÓN DE SERIE
Mención de serie Biblioteca presidencial
500 ## - NOTA GENERAL
Nota general La bibioteca sólo posee los volúmenes 1, 2, 3, 4 y 5.
504 ## - NOTA DE BIBLIOGRAFÍA, ETC.
Nota de bibliografía, etc. Incluye referencias bibliográficas.
505 0# - NOTA DE CONTENIDO CON FORMATO
Información miscelánea v. 1.
Título Botánica 1 --
Información miscelánea v. 2.
Título Botánica 2 --
Información miscelánea v. 3.
Título La exposición nacional de Venezuela en 1883. 1 --
Información miscelánea v. 4.
Título La exposición nacional de Venezuela en 1883. 2 --
Información miscelánea v. 5.
Título Zoología.
600 14 - PUNTO DE ACCESO ADICIONAL DE MATERIA--NOMBRE DE PERSONA
Nombre de persona Ernest, Adolfo
Fechas asociadas al nombre 1832-1899
9 (RLIN) 25753
600 14 - PUNTO DE ACCESO ADICIONAL DE MATERIA--NOMBRE DE PERSONA
Nombre de persona BLANCO, GUZMÁN,
Fechas asociadas al nombre 1829-1899
9 (RLIN) 25756
650 #4 - PUNTO DE ACCESO ADICIONAL DE MATERIA--TÉRMINO DE MATERIA
Término de materia o nombre geográfico como elemento de entrada Historia natural
Subdivisión geográfica Venezuela
9 (RLIN) 25752
650 #4 - PUNTO DE ACCESO ADICIONAL DE MATERIA--TÉRMINO DE MATERIA
Término de materia o nombre geográfico como elemento de entrada Ciencias naturales
Subdivisión general Enseñanza
9 (RLIN) 25754
650 #4 - PUNTO DE ACCESO ADICIONAL DE MATERIA--TÉRMINO DE MATERIA
Término de materia o nombre geográfico como elemento de entrada Zoología
Subdivisión geográfica Venezuela
9 (RLIN) 25755
650 #4 - PUNTO DE ACCESO ADICIONAL DE MATERIA--TÉRMINO DE MATERIA
Término de materia o nombre geográfico como elemento de entrada Protección del medio ambiente
9 (RLIN) 4185
700 1# - PUNTO DE ACCESO ADICIONAL--NOMBRE DE PERSONA
Nombre de persona Vareschi, Lottie de,
Término indicativo de función/relación tr.
9 (RLIN) 25757
700 1# - PUNTO DE ACCESO ADICIONAL--NOMBRE DE PERSONA
Nombre de persona Steffens, Yolanda,
Término indicativo de función/relación tr.
9 (RLIN) 25758
700 1# - PUNTO DE ACCESO ADICIONAL--NOMBRE DE PERSONA
Nombre de persona Marín de Carrillo, Elsie,
Término indicativo de función/relación tr.
9 (RLIN) 25759
700 1# - PUNTO DE ACCESO ADICIONAL--NOMBRE DE PERSONA
Nombre de persona Rodríguez de García, Martha,
Término indicativo de función/relación tr.
9 (RLIN) 25760
700 1# - PUNTO DE ACCESO ADICIONAL--NOMBRE DE PERSONA
Nombre de persona Bruni Celli, Blas,
Fechas asociadas al nombre 1925-
Término indicativo de función/relación comp.
9 (RLIN) 4439
700 1# - PUNTO DE ACCESO ADICIONAL--NOMBRE DE PERSONA
Nombre de persona Suárez, Miguel A.
9 (RLIN) 25761
830 #0 - PUNTO DE ACCESO ADICIONAL DE SERIE-TÍTULO UNIFORME
Título uniforme Biblioteca Presidencial
9 (RLIN) 25762
910 ## - DATOS DE OPCIÓN DEL USUARIO (OCLC)
Datos de opción del usuario Catalogación derivada
910 ## - DATOS DE OPCIÓN DEL USUARIO (OCLC)
Datos de opción del usuario WM
942 ## - ELEMENTOS DE PUNTO DE ACCESO ADICIONAL (KOHA)
Fuente del sistema de clasificación o colocación Dewey Decimal Classification
Tipo de ítem Koha Libro
Holdings
Estado de retiro Estado de pérdida Restricciones de uso No para préstamo Código de colección Localización permanente Ubicación/localización actual Ubicación en estantería Fecha de adquisición Número de inventario Total de préstamos Signatura topográfica completa Código de barras Fecha visto por última vez Precio válido a partir de Tipo de ítem Koha
    Préstamo interno   Monografías: Libros y Folletos General General Depósito 08.10.2009 LF1   508.987 E71ó | v.1 10641-10 25.06.2020 25.06.2020 Préstamo interno
    Préstamo interno   Monografías: Libros y Folletos General General Depósito 08.10.2009 LF1   508.987 E71ó | v.2 10641-20 25.06.2020 25.06.2020 Préstamo interno
    Préstamo interno   Monografías: Libros y Folletos General General Depósito 08.10.2009 LF1   508.987 E71ó | v.3 10641-30 25.06.2020 25.06.2020 Préstamo interno
    Préstamo interno   Monografías: Libros y Folletos General General Depósito 08.10.2009 LF1   508.987 E71ó | v.4 10641-40 25.06.2020 25.06.2020 Préstamo interno
    Préstamo interno   Monografías: Libros y Folletos General General Depósito 08.10.2009 LF1   508.987 E71ó | v.5 10641-50 25.06.2020 25.06.2020 Préstamo interno

Powered by Koha